000 00294nam a2200133Ia 4500
008 240624s9999 xx 000 0 und d
041 _aeng
082 _a954 IYE
100 _aIYER PICO
245 _aGLOBAL SOUL
260 _c2001
_aNew Delhi
_bBloomsbury
300 _a303 : p.
365 _cRS
999 _c17109
_d17109